000 00333 a2200157 4500
001 159394
020 _a
040 _cMagnum
100 _aXimenes, Sergio
240 1 0 _aMinidicionario ediouro
_lpor
245 1 0 _aMinidicionario ediouro
362 0 _a1899
440 1 _aEdiouro
697 _aMAGNITO: DICIONARIOS
942 _cBK
999 _c159394
_d159394